The logic of chemical synthesis / (Record no. 160097)

MARC details
000 -LEADER
fixed length control field 00656nam a2200229 a 4500
008 - FIXED-LENGTH DATA ELEMENTS--GENERAL INFORMATION
fixed length control field
020 ## - INTERNATIONAL STANDARD BOOK NUMBER
International Standard Book Number 0471509795 (HBK)
050 00 - LIBRARY OF CONGRESS CALL NUMBER
Classification number QD262 COR
003 - CONTROL NUMBER IDENTIFIER
control field
005 - DATE AND TIME OF LATEST TRANSACTION
control field 20230123134113.0
040 ## - CATALOGING SOURCE
Transcribing agency NUST
049 ## - LOCAL HOLDINGS (OCLC)
Holding library MAIN
100 1# - MAIN ENTRY--PERSONAL NAME
Personal name Corey, E. J.
245 14 - TITLE STATEMENT
Title The logic of chemical synthesis /
Statement of responsibility, etc. E.J. Corey and Xue-min Cheng.
260 ## - PUBLICATION, DISTRIBUTION, ETC.
Place of publication, distribution, etc. New York :
Name of publisher, distributor, etc. John Wiley,
Date of publication, distribution, etc. c1989.
300 ## - PHYSICAL DESCRIPTION
Extent 436 p. :
Other physical details ill. ;
Dimensions 26 cm.
504 ## - BIBLIOGRAPHY, ETC. NOTE
Bibliography, etc. note Includes bibliographical references .
650 #0 - SUBJECT ADDED ENTRY--TOPICAL TERM
Topical term or geographic name entry element Organic compounds
General subdivision Synthesis.
700 1# - ADDED ENTRY--PERSONAL NAME
Personal name Cheng, Xue-min.
907 ## - LOCAL DATA ELEMENT G, LDG (RLIN)
a .b10176123
b 22-01-07
c 20-09-05
942 ## - ADDED ENTRY ELEMENTS (KOHA)
Koha item type Ordinary Loan Books
Holdings
Date last seen Total Checkouts Full call number Barcode Cost, replacement price Price effective from Koha item type Lost status Source of classification or shelving scheme Damaged status Not for loan Collection Withdrawn status Home library Current library Shelving location Date acquired Cost, normal purchase price
01/23/2023   QD262 COR 92003020713 80.00 01/23/2023 BOOKS   LCC     NFIC   MAIN MAIN GEN 01/23/2023 80.00